000
00345nam a2200145Ia 4500
003
OSt
005
20240208152332.0
008
170524s9999 xx 000 0 und d
020
_a
8120306244
040
_c
iimtu meerut
100
_a
DECENZO- D
245
0
_a
PERSONNEL HUMAN RESOURCE MANAGEMENT
260
_b
HIMALYA PUB. HOUSE
942
_2
ddc
_c
02
999
_c
8006
_d
8006